| 000 | 00763nam a2200229Ia 4500 | ||
|---|---|---|---|
| 005 | 20220822112642.0 | ||
| 008 | 210716s2008 xx 000 0 und d | ||
| 020 | _a9780195692303 | ||
| 040 | _cAIMIT LIBRARY | ||
| 041 | _aeng | ||
| 082 |
_a574.80285 _21 _bGHOZ |
||
| 100 |
_aGhosh, Zhumur. _955093 |
||
| 245 |
_aBioinformatics : _bprinciples and applications / _cBy Zhumur Ghosh and Bibekanand Mallick. |
||
| 250 | _a1st ed. | ||
| 260 |
_aNew Delhi : _bOxford University Press . _c2008. |
||
| 300 | _axi, 536p. ; | ||
| 650 |
_aProtein modelling and drug design _955094 |
||
| 650 |
_aModelling of biomolecular system _955095 |
||
| 650 |
_aBioinformatics essentials _955096 |
||
| 700 |
_aMallick, Bibekanand. _955097 |
||
| 942 |
_2ddc _cBK _e1st _k574.80285 GHOZ |
||
| 999 |
_c190929 _d190929 |
||